Normal view MARC view
  • MATHEMTICS

Entry Topical Term

Number of records used in: 1

001 - CONTROL NUMBER

  • control field: 75680

003 - CONTROL NUMBER IDENTIFIER

  • control field: NUST

005 - DATE AND TIME OF LATEST TRANSACTION

  • control field: 20210628205449.0

008 - FIXED-LENGTH DATA ELEMENTS

  • fixed length control field: 210628|| aca||aabn | a|a d

040 ## - CATALOGING SOURCE

  • Original cataloging agency: NUST
  • Transcribing agency: NUST

150 ## - HEADING--TOPICAL TERM

  • Topical term or geographic name entry element: MATHEMTICS

670 ## - SOURCE DATA FOUND

  • Source citation: Work cat.: (NUST): Ernst, John F Porter, Stuart R 75679, Basic technical mathematics with calculus, 1995
© 2023 Central Library, National University of Sciences and Technology. All Rights Reserved.